The East Indian indenture in Trinidad.

Bibliographic Details
Main Author: Weller, Judith Ann
Format: Book
Language:English
Published: Rio Piedras, P. R. : Institute of Caribbean Studies, University of Puerto Rico, 1968.
Series:Caribbean monograph series ; no. 4.
Subjects:

MARC

Tag First Indicator Second Indicator Subfields
LEADER 00000cam a2200000 4500
001 in00000257540
005 20151010053639.0
008 720727s1968 pr ab b 00000 eng d
035 |a (OCoLC)00366450 
035 |9 ABC5257AM 
040 |a OSU  |c OSU  |d TXA  |d UtOrBLW 
049 |a TXAM  |c [713659] 
090 |a F2121  |b .W4 
100 1 |a Weller, Judith Ann. 
245 1 4 |a The East Indian indenture in Trinidad. 
264 1 |a Rio Piedras, P. R. :  |b Institute of Caribbean Studies, University of Puerto Rico,  |c 1968. 
300 |a 172 pages :  |b illustrations, maps. ;  |c 24 cm. 
336 |a text  |b txt  |2 rdacontent 
337 |a unmediated  |b n  |2 rdamedia 
338 |a volume  |b nc  |2 rdacarrier 
490 1 |a Caribbean monograph series,  |v no. 4 
504 |a Bibliography: pages 169-172. 
650 0 |a East Indians  |z Trinidad and Tobago  |z Trinidad. 
650 0 |a Indentured servants. 
830 0 |a Caribbean monograph series ;  |v no. 4. 
999 |a MARS 
999 f f |s 5bdbb639-bc5f-3e24-a997-ace9b124bb58  |i 2053a20b-3e06-366a-bf36-3a9ee6f4836e  |t 0 
952 f f |p ric  |a Texas A&M University  |b Rellis Campus  |c Joint Library Facility  |d Remote Storage  |t 0  |e F2121 .W4  |h Library of Congress classification  |i unmediated -- volume  |m A14802361425 
998 f f |a F2121 .W4  |t 0  |l Remote Storage